Corporate Accounting: (Record no. 186980)

MARC details
000 -LEADER
fixed length control field 00657 a2200205 4500
005 - DATE AND TIME OF LATEST TRANSACTION
control field 20220324153718.0
010 ## - LCCN (DPL NO)
LC control number ENG-132113
020 ## - INTERNATIONAL STANDARD BOOK NUMBER
International Standard Book Number 9789352836369
Terms of availability 475.00
035 ## - SYSTEM CONTROL NUMBER
System control number EN-115645
037 ## - SOURCE OF ACQUISITION
Source of stock number/acquisition DBAD/PUB
082 ## - DEWEY DECIMAL CLASSIFICATION NUMBER
Classification number 657.95
100 ## - MAIN ENTRY--PERSONAL NAME
Personal name Shukla, M C
245 ## - TITLE STATEMENT
Title Corporate Accounting:
Remainder of title As per B.Com. CBSC Curriculum, University of Delhi/
Statement of responsibility, etc M C Shukla, T S Grewal and S C Gupta
260 ## - PUBLICATION, DISTRIBUTION, ETC. (IMPRINT)
Place of publication, distribution, etc New Delhi
Name of publisher, distributor, etc S Chand And Company Limited
Date of publication, distribution, etc 2019
270 ## - ADDRESS
Address 7361, Ram Nagar, Qutab Road
City New Delhi
Postal code 110055
300 ## - PHYSICAL DESCRIPTION
Extent xvi, vp
Dimensions 24cm (pbk)
700 ## - ADDED ENTRY--PERSONAL NAME
Personal name Grewal, T.S.
700 ## - ADDED ENTRY--PERSONAL NAME
Personal name Gupta, S C
942 ## - ADDED ENTRY ELEMENTS (KOHA)
Source of classification or shelving scheme Dewey Decimal Classification
Item type English Books
Classification part 657.95
Call number suffix SHU
Holdings
Withdrawn status Lost status Not for loan Collection code Home library Current library Date acquired Source of acquisition Cost, normal purchase price Full call number Barcode Copy number Cost, replacement price Koha item type
      Non-fiction Central Library Central Library 24/03/2022 DBAD/PUB 475.00 657.95 SHU EN-115645 1 475.00 English Books

© Delhi Public Library
Hit Counter
free hit counter